LIBRARY & INFORMATION CENTRE, KCAET, TAVANUR

ONLINE PUBLIC ACCESS CATALOGUE (OPAC)

Farm machinery and equipment / (Record no. 242)

MARC details
000 -LEADER
fixed length control field 00459cam a2200169ua 4500
041 ## - LANGUAGE CODE
Language code of text/sound track or separate title eng
082 ## - DEWEY DECIMAL CLASSIFICATION NUMBER
Classification number 631.3
Item number SMI/FA
100 ## - MAIN ENTRY--AUTHOR NAME
Personal name Smith, Harris Pearson A E.
245 ## - TITLE STATEMENT
Title Farm machinery and equipment /
250 ## - EDITION STATEMENT
Edition statement 4 /
260 ## - PUBLICATION, DISTRIBUTION, ETC. (IMPRINT)
Place of publication New York :
Name of publisher Mc Graw Hill Book Company ,
Year of publication 1955.
300 ## - PHYSICAL DESCRIPTION
Number of Pages 514 ; .
700 1# - ADDED ENTRY--PERSONAL NAME
Personal name Wilkes, Lambert Henry M S.
942 ## - ADDED ENTRY ELEMENTS (KOHA)
Koha item type Books
Holdings
Withdrawn status Lost status Damaged status Home library Current library Date acquired Full call number Accession Number Koha item type
      KAUAET KAUAET 07/04/2012 631.3 531 Books
free website counter